skbl

Dr Suryya Kumar Bhuyan Library Web-OPAC
ডঃ সূৰ্য্য
কুমাৰ ভূঞা পুথিভঁৰাল ৱেব-অ'পেক

All Research Scholars are advised to clear the annual library fees to continue using Library Resources, Remote Access, Plagiarism Test and Library Clearance.

Cotton University Book Fair 2026

Axamiya Bhaxa (Record no. 58495)

MARC details
000 -LEADER
fixed length control field 00511nam a2200205Ia 4500
001 - CONTROL NUMBER
control field 58604
008 - FIXED-LENGTH DATA ELEMENTS--GENERAL INFORMATION
fixed length control field 150521n ii |||gr||||Z||||||asm
020 ## - INTERNATIONAL STANDARD BOOK NUMBER
International Standard Book Number 81-7339-194-7
082 ## - DEWEY DECIMAL CLASSIFICATION NUMBER
Classification number 491.41
245 #0 - TITLE STATEMENT
Title Axamiya Bhaxa
Statement of responsibility, etc. Bhimkanta Baruah
Medium Textual Documents
250 ## - EDITION STATEMENT
Edition statement 2nd rev edn.
260 ## - PUBLICATION, DISTRIBUTION, ETC.
Place of publication, distribution, etc. Assam
Name of publisher, distributor, etc. Banalata
300 ## - PHYSICAL DESCRIPTION
Extent 177pg:
Dimensions 23cm.
653 ## - INDEX TERM--UNCONTROLLED
Uncontrolled term Assamese
653 ## - INDEX TERM--UNCONTROLLED
Uncontrolled term Assamese Language
653 ## - INDEX TERM--UNCONTROLLED
Uncontrolled term Deptt-Assamese
653 ## - INDEX TERM--UNCONTROLLED
Uncontrolled term MS-Assamese
700 ## - ADDED ENTRY--PERSONAL NAME
Personal name Baruah,Bhimkanta.
942 ## - ADDED ENTRY ELEMENTS (KOHA)
Source of classification or shelving scheme Dewey Decimal Classification
Koha item type Books
Holdings
Withdrawn status Lost status Damaged status Not for loan Collection Home library Current library Shelving location Date acquired Coded location qualifier Cost, normal purchase price Total checkouts Full call number Barcode Date last seen Copy number Price effective from Koha item type
          Dr. Suryya Kumar Bhuyan Library Dr. Suryya Kumar Bhuyan Library   21/05/2015 00000 100.00   491.41 Ba 288 As 6203/As 14/01/2024 1 21/05/2015 Books
          Dr. Suryya Kumar Bhuyan Library Dr. Suryya Kumar Bhuyan Library   21/05/2015 00000 100.00   491.41 Ba 288 As 6202/As 14/01/2024 2 21/05/2015 Books

Designed and Maintained by Team SKBL
©1901-2026

Powered by Koha